[Event "DEM U10w 2023"]
[Site "Willingen GER"]
[Date "2023.06.01"]
[Round "8"]
[White "Heidtkamp, Anna"]
[Black "Tischlinger, Lara"]
[Result "1-0"]
[Termination "normal"]
[Board "1"]
[WhiteElo "1352"]
[BlackElo "1238"]
[WhiteClock "00:25:49"]
[BlackClock "00:09:49"]
[PlyCount "67"]
[WhiteFideId "16269012"]
[BlackFideId "34663401"]
[EventCountry "GER"]
[EventRounds "11"]
[EventType "swiss"]
[EventDate "2023.05.27"]

1. e4 {[%clk 01:15:59]} c6 {[%clk 01:15:55]} {[%emt 00:00:05]} 2. d4 {[%clk
01:16:25]} {[%emt 00:00:04]} d5 {[%clk 01:16:20]} {[%emt 00:00:04]} 3. exd5
{[%clk 01:16:52]} {[%emt 00:00:03]} cxd5 {[%clk 01:16:44]} {[%emt 00:00:06]} 4.
Bd3 {[%clk 01:17:18]} {[%emt 00:00:04]} Nc6 {[%clk 01:17:07]} {[%emt 00:00:07]}
5. c3 {[%clk 01:17:43]} {[%emt 00:00:06]} Nf6 {[%clk 01:17:32]} {[%emt
00:00:04]} 6. h3 {[%clk 01:18:10]} {[%emt 00:00:04]} e5 {[%clk 01:17:25]}
{[%emt 00:00:36]} 7. dxe5 {[%clk 01:18:35]} {[%emt 00:00:05]} Nxe5 {[%clk
01:17:48]} {[%emt 00:00:07]} 8. Bb5+ {[%clk 01:18:57]} {[%emt 00:00:08]} Bd7
{[%clk 01:16:49]} {[%emt 00:01:29]} 9. Bxd7+ {[%clk 01:19:03]} {[%emt
00:00:25]} Qxd7 {[%clk 01:17:08]} {[%emt 00:00:11]} 10. Qe2 {[%clk 01:19:08]}
{[%emt 00:00:25]} Qe6 {[%clk 01:16:10]} {[%emt 00:01:27]} 11. Be3 {[%clk
01:19:01]} {[%emt 00:00:38]} Nc4 {[%clk 01:12:26]} {[%emt 00:04:13]} 12. Nf3
{[%clk 01:06:54]} {[%emt 00:12:36]} Nxe3 {[%clk 01:02:21]} {[%emt 00:10:36]}
13. Qxe3 {[%clk 01:07:14]} {[%emt 00:00:10]} Bd6 {[%clk 00:57:11]} {[%emt
00:05:40]} 14. Qxe6+ {[%clk 01:06:56]} {[%emt 00:00:47]} fxe6 {[%clk 00:57:18]}
{[%emt 00:00:24]} 15. Nd4 {[%clk 01:04:45]} {[%emt 00:02:42]} Kf7 {[%clk
00:54:44]} {[%emt 00:03:03]} 16. Nd2 {[%clk 00:58:32]} {[%emt 00:06:43]} Rhe8
{[%clk 00:51:57]} {[%emt 00:03:17]} 17. Nb5 {[%clk 00:53:50]} {[%emt 00:05:12]}
Red8 {[%clk 00:45:59]} {[%emt 00:06:28]} 18. Nxd6+ {[%clk 00:53:31]} {[%emt
00:00:49]} Rxd6 {[%clk 00:46:20]} {[%emt 00:00:09]} 19. O-O {[%clk 00:48:28]}
{[%emt 00:05:33]} Re8 {[%clk 00:41:29]} {[%emt 00:05:21]} 20. Nf3 {[%clk
00:44:30]} {[%emt 00:04:27]} Nd7 {[%clk 00:36:37]} {[%emt 00:05:22]} 21. Rad1
{[%clk 00:39:50]} {[%emt 00:05:11]} e5 {[%clk 00:33:03]} {[%emt 00:04:04]} 22.
Ng5+ {[%clk 00:39:50]} {[%emt 00:00:30]} Ke7 {[%clk 00:24:12]} {[%emt
00:09:21]} 23. Nxh7 {[%clk 00:39:42]} {[%emt 00:00:37]} Rg6 {[%clk 00:22:17]}
{[%emt 00:02:25]} 24. Rxd5 {[%clk 00:37:49]} {[%emt 00:02:24]} Rh8 {[%clk
00:21:40]} {[%emt 00:01:07]} 25. Rfd1 {[%clk 00:38:10]} {[%emt 00:00:10]} Rd8
{[%clk 00:16:39]} {[%emt 00:05:30]} 26. h4 {[%clk 00:36:05]} {[%emt 00:02:35]}
Rh6 {[%emt 00:06:50]} 27. Nf8 {[%clk 00:31:12]} Kxf8 {[%clk 00:10:21]} {[%emt
00:05:51]} 28. Rxd7 {[%clk 00:31:36]} {[%emt 00:00:06]} Rxd7 {[%clk 00:10:35]}
{[%emt 00:00:16]} 29. Rxd7 {[%clk 00:31:57]} {[%emt 00:00:09]} Rb6 {[%clk
00:10:46]} {[%emt 00:00:19]} 30. b3 {[%clk 00:31:40]} {[%emt 00:00:48]} Kg8
{[%clk 00:10:14]} {[%emt 00:01:01]} 31. Re7 {[%clk 00:29:55]} {[%emt 00:02:14]}
Kf8 {[%clk 00:09:19]} {[%emt 00:01:25]} 32. Rxe5 {[%clk 00:30:17]} {[%emt
00:00:09]} Kf7 {[%clk 00:09:43]} {[%emt 00:00:06]} 33. c4 {[%clk 00:28:40]}
{[%emt 00:02:08]} Kf6 {[%clk 00:09:49]} {[%emt 00:00:23]} 34. f4 {[%clk
00:25:49]} {[%emt 00:03:20]} 1-0

[Event "DEM U10w 2023"]
[Site "Willingen GER"]
[Date "2023.06.01"]
[Round "8"]
[White "Shynkar, Daria"]
[Black "Nönnig, Lotte"]
[Result "1/2-1/2"]
[Termination "normal"]
[Board "3"]
[WhiteElo "1179"]
[BlackElo "1341"]
[WhiteClock "00:03:42"]
[BlackClock "00:14:35"]
[PlyCount "114"]
[WhiteFideId "34163212"]
[BlackFideId "34611509"]
[EventCountry "GER"]
[EventRounds "11"]
[EventType "swiss"]
[EventDate "2023.05.27"]

1. d4 {[%clk 01:15:59]} d5 {[%clk 01:15:49]} {[%emt 00:00:11]} 2. c4 {[%clk
01:16:26]} {[%emt 00:00:03]} e6 {[%clk 01:16:08]} {[%emt 00:00:11]} 3. Nc3
{[%clk 01:16:53]} {[%emt 00:00:03]} c5 {[%clk 01:16:14]} {[%emt 00:00:24]} 4.
cxd5 {[%clk 01:16:22]} {[%emt 00:01:02]} cxd4 {[%clk 01:16:12]} {[%emt
00:00:32]} 5. Qxd4 {[%clk 01:16:45]} {[%emt 00:00:06]} Nc6 {[%clk 01:16:20]}
{[%emt 00:00:23]} 6. Qd1 {[%clk 01:16:37]} {[%emt 00:00:38]} exd5 {[%clk
01:16:38]} {[%emt 00:00:12]} 7. Qxd5 {[%clk 00:51:15]} {[%emt 00:25:51]} Qc7
{[%clk 01:16:06]} {[%emt 00:01:01]} 8. e4 {[%clk 00:48:10]} {[%emt 00:03:37]}
Nf6 {[%clk 01:15:19]} {[%emt 00:01:16]} 9. Qd1 {[%clk 00:48:11]} {[%emt
00:00:28]} Bc5 {[%clk 01:15:03]} {[%emt 00:00:46]} 10. h3 {[%clk 00:47:24]}
{[%emt 00:01:19]} Bd7 {[%clk 01:07:09]} {[%emt 00:08:23]} 11. Bg5 {[%clk
00:46:02]} {[%emt 00:01:52]} Qb6 {[%clk 01:03:31]} {[%emt 00:04:08]} 12. Qd2
{[%clk 00:43:28]} {[%emt 00:03:02]} O-O-O {[%clk 00:58:17]} {[%emt 00:05:46]}
13. Bxf6 {[%clk 00:38:54]} {[%emt 00:05:04]} gxf6 {[%clk 00:58:01]} {[%emt
00:00:47]} 14. Nd5 {[%clk 00:37:35]} {[%emt 00:01:49]} Bb4 {[%clk 00:56:33]}
{[%emt 00:01:54]} 15. Nxb6+ {[%clk 00:37:21]} {[%emt 00:00:47]} axb6 {[%clk
00:56:45]} {[%emt 00:00:18]} 16. Qxb4 {[%clk 00:37:46]} {[%emt 00:00:05]} Nxb4
{[%clk 00:56:50]} {[%emt 00:00:25]} 17. Rc1+ {[%clk 00:38:10]} {[%emt
00:00:06]} Kb8 {[%clk 00:55:34]} {[%emt 00:01:46]} 18. a3 {[%clk 00:38:26]}
{[%emt 00:00:15]} Nc6 {[%clk 00:55:23]} {[%emt 00:00:40]} 19. Ne2 {[%clk
00:36:42]} {[%emt 00:02:14]} Rhe8 {[%clk 00:54:09]} {[%emt 00:01:44]} 20. f3
{[%clk 00:30:44]} {[%emt 00:06:29]} Ne5 {[%clk 00:51:57]} {[%emt 00:02:41]} 21.
Nf4 {[%clk 00:30:16]} {[%emt 00:00:59]} f5 {[%clk 00:50:00]} {[%emt 00:02:27]}
22. Kf2 {[%clk 00:23:57]} {[%emt 00:06:49]} fxe4 {[%clk 00:48:24]} {[%emt
00:02:05]} 23. fxe4 {[%clk 00:24:24]} {[%emt 00:00:03]} Bc6 {[%clk 00:48:11]}
{[%emt 00:00:42]} 24. Nh5 {[%clk 00:22:04]} {[%emt 00:02:48]} Re6 {[%clk
00:46:29]} {[%emt 00:02:15]} 25. Ng3 {[%clk 00:21:59]} {[%emt 00:00:35]} Rd2+
{[%clk 00:46:14]} {[%emt 00:00:44]} 26. Kg1 {[%clk 00:22:16]} {[%emt 00:00:14]}
Rxb2 {[%clk 00:45:56]} {[%emt 00:00:47]} 27. Ra1 {[%clk 00:20:58]} {[%emt
00:01:50]} Ng6 {[%clk 00:44:45]} {[%emt 00:01:40]} 28. Bc4 {[%clk 00:20:55]}
{[%emt 00:00:33]} Re7 {[%clk 00:44:42]} {[%emt 00:00:29]} 29. Bd5 {[%clk
00:15:57]} {[%emt 00:05:32]} Bxd5 {[%clk 00:43:30]} {[%emt 00:01:42]} 30. exd5
{[%clk 00:16:16]} {[%emt 00:00:11]} Nf4 {[%clk 00:43:01]} {[%emt 00:00:59]} 31.
Rh2 {[%clk 00:16:00]} {[%emt 00:00:46]} Nxd5 {[%clk 00:42:47]} {[%emt
00:00:44]} 32. a4 {[%clk 00:11:41]} {[%emt 00:04:49]} Nc3 {[%clk 00:42:01]}
{[%emt 00:01:16]} 33. Rf1 {[%clk 00:09:26]} {[%emt 00:02:43]} Nxa4 {[%clk
00:41:00]} {[%emt 00:01:33]} 34. Nf5 {[%clk 00:09:47]} {[%emt 00:00:09]} Rd7
{[%clk 00:40:45]} {[%emt 00:00:45]} 35. Nh6 {[%clk 00:09:48]} {[%emt 00:00:30]}
b5 {[%clk 00:39:41]} {[%emt 00:01:34]} 36. Nxf7 {[%clk 00:10:03]} {[%emt
00:00:14]} Nc3 {[%clk 00:38:06]} {[%emt 00:02:04]} 37. Ne5 {[%clk 00:09:52]}
{[%emt 00:00:42]} Re7 {[%clk 00:37:30]} {[%emt 00:01:07]} 38. Nd3 {[%clk
00:09:52]} {[%emt 00:00:29]} Ne2+ {[%clk 00:37:00]} {[%emt 00:01:00]} 39. Kf2
{[%clk 00:09:52]} {[%emt 00:00:28]} Rd2 {[%clk 00:35:35]} {[%emt 00:01:56]} 40.
Nc5 {[%clk 00:08:58]} {[%emt 00:01:24]} Rf7+ {[%clk 00:33:21]} {[%emt
00:02:45]} 41. Ke1 {[%clk 00:09:13]} {[%emt 00:00:13]} Rxf1+ {[%clk 00:33:15]}
{[%emt 00:00:39]} 42. Kxd2 {[%clk 00:09:35]} {[%emt 00:00:08]} Nf4 {[%clk
00:31:54]} {[%emt 00:01:50]} 43. g3 {[%clk 00:09:44]} {[%emt 00:00:21]} Nd5
{[%clk 00:29:33]} {[%emt 00:02:49]} 44. g4 {[%clk 00:07:39]} {[%emt 00:02:36]}
b4 {[%clk 00:28:11]} {[%emt 00:01:53]} 45. Kd3 {[%clk 00:07:40]} {[%emt
00:00:26]} Kc7 {[%clk 00:27:46]} {[%emt 00:00:58]} 46. Kc4 {[%clk 00:07:32]}
{[%emt 00:00:37]} Kc6 {[%clk 00:27:07]} {[%emt 00:01:10]} 47. Nb3 {[%clk
00:07:44]} {[%emt 00:00:17]} b5+ {[%clk 00:25:46]} {[%emt 00:01:52]} 48. Kd4
{[%clk 00:06:50]} {[%emt 00:01:19]} Rd1+ {[%clk 00:24:56]} {[%emt 00:01:25]}
49. Ke5 {[%clk 00:07:04]} {[%emt 00:00:13]} Rb1 {[%clk 00:23:49]} {[%emt
00:01:38]} 50. Nd4+ {[%clk 00:07:20]} {[%emt 00:00:15]} Kc5 {[%clk 00:23:17]}
{[%emt 00:01:03]} 51. Re2 {[%clk 00:04:06]} {[%emt 00:03:44]} Rh1 {[%clk
00:20:28]} {[%emt 00:03:19]} 52. Nb3+ {[%clk 00:02:15]} {[%emt 00:02:21]} Kc4
{[%clk 00:18:33]} {[%emt 00:02:24]} 53. Na5+ {[%clk 00:02:38]} {[%emt
00:00:08]} Kd3 {[%clk 00:18:32]} {[%emt 00:00:31]} 54. Rb2 {[%clk 00:02:59]}
{[%emt 00:00:09]} Kc3 {[%clk 00:17:32]} {[%emt 00:01:30]} 55. Rb3+ {[%clk
00:03:21]} {[%emt 00:00:08]} Kc2 {[%clk 00:16:42]} {[%emt 00:01:18]} 56. Kxd5
{[%clk 00:03:39]} {[%emt 00:00:14]} Ra1 {[%clk 00:14:46]} {[%emt 00:02:26]} 57.
Rxb4 {[%clk 00:03:42]} {[%emt 00:00:27]} Rxa5 {[%clk 00:14:35]} {[%emt
00:00:41]} 1/2-1/2

[Event "DEM U10w 2023"]
[Site "Willingen GER"]
[Date "2023.06.01"]
[Round "8"]
[White "Frydel, Helena"]
[Black "Tu, Tiffany"]
[Result "1-0"]
[Termination "normal"]
[Board "4"]
[WhiteElo "1161"]
[BlackElo "1071"]
[WhiteClock "00:43:48"]
[BlackClock "00:11:30"]
[PlyCount "109"]
[WhiteFideId "16266536"]
[BlackFideId "34628576"]
[EventCountry "GER"]
[EventRounds "11"]
[EventType "swiss"]
[EventDate "2023.05.27"]

1. e4 {[%clk 01:15:56]} {[%emt 00:00:03]} e5 {[%clk 01:15:55]} {[%emt
00:00:05]} 2. Nf3 {[%clk 01:16:20]} {[%emt 00:00:06]} Nc6 {[%clk 01:16:19]}
{[%emt 00:00:06]} 3. Nc3 {[%clk 01:16:46]} {[%emt 00:00:05]} Nf6 {[%clk
01:16:42]} {[%emt 00:00:06]} 4. d4 {[%clk 01:17:12]} {[%emt 00:00:05]} exd4
{[%clk 01:17:04]} {[%emt 00:00:08]} 5. Nxd4 {[%clk 01:17:35]} {[%emt 00:00:06]}
Bb4 {[%clk 01:17:27]} {[%emt 00:00:07]} 6. Nxc6 {[%clk 01:17:59]} {[%emt
00:00:07]} bxc6 {[%clk 01:17:51]} {[%emt 00:00:06]} 7. Bd3 {[%clk 01:18:23]}
{[%emt 00:00:05]} d5 {[%clk 01:18:04]} {[%emt 00:00:16]} 8. exd5 {[%clk
01:18:49]} {[%emt 00:00:06]} cxd5 {[%clk 01:17:52]} {[%emt 00:00:41]} 9. Bg5
{[%clk 01:19:09]} {[%emt 00:00:10]} h6 {[%clk 01:17:12]} {[%emt 00:01:09]} 10.
Bh4 {[%clk 01:19:31]} {[%emt 00:00:09]} d4 {[%clk 01:15:04]} {[%emt 00:02:38]}
11. a3 {[%clk 01:18:49]} {[%emt 00:01:13]} dxc3 {[%clk 01:12:54]} {[%emt
00:02:39]} 12. axb4 {[%clk 01:19:09]} {[%emt 00:00:10]} cxb2 {[%clk 01:13:13]}
{[%emt 00:00:11]} 13. Rb1 {[%clk 01:17:45]} {[%emt 00:01:54]} Qe7+ {[%clk
01:04:47]} {[%emt 00:08:54]} 14. Qe2 {[%clk 01:17:05]} {[%emt 00:01:11]} Qxe2+
{[%clk 01:04:35]} {[%emt 00:00:42]} 15. Bxe2 {[%clk 01:17:30]} {[%emt
00:00:05]} g5 {[%clk 00:49:26]} {[%emt 00:15:39]} 16. Bg3 {[%clk 01:17:46]}
{[%emt 00:00:15]} Nd5 {[%clk 00:47:57]} {[%emt 00:01:57]} 17. Rxb2 {[%clk
01:17:01]} {[%emt 00:01:17]} Rb8 {[%clk 00:45:42]} {[%emt 00:02:44]} 18. b5
{[%clk 01:13:31]} {[%emt 00:04:01]} Rb7 {[%clk 00:39:36]} {[%emt 00:06:34]} 19.
Bf3 {[%clk 01:03:36]} {[%emt 00:10:27]} c6 {[%clk 00:36:15]} {[%emt 00:03:51]}
20. c4 {[%clk 01:03:28]} {[%emt 00:00:38]} Ne7 {[%clk 00:36:11]} {[%emt
00:00:32]} 21. Be5 {[%clk 01:02:51]} {[%emt 00:01:09]} Rh7 {[%clk 00:31:47]}
{[%emt 00:04:54]} 22. bxc6 {[%clk 01:01:13]} {[%emt 00:02:09]} Rxb2 {[%clk
00:31:12]} {[%emt 00:01:05]} 23. Bxb2 {[%clk 01:01:35]} {[%emt 00:00:08]} Be6
{[%clk 00:30:50]} {[%emt 00:00:51]} 24. Bf6 {[%clk 00:59:43]} {[%emt 00:02:22]}
Bxc4 {[%clk 00:30:37]} {[%emt 00:00:42]} 25. Be4 {[%clk 00:58:07]} {[%emt
00:02:07]} Ng6 {[%clk 00:29:56]} {[%emt 00:01:10]} 26. Kd2 {[%clk 00:56:55]}
{[%emt 00:01:43]} Be6 {[%clk 00:29:26]} {[%emt 00:00:59]} 27. Ra1 {[%clk
00:55:18]} {[%emt 00:02:08]} a6 {[%clk 00:28:08]} {[%emt 00:01:48]} 28. Rxa6
{[%clk 00:54:56]} {[%emt 00:00:52]} Ne7 {[%clk 00:23:27]} {[%emt 00:05:11]} 29.
Bxh7 {[%clk 00:53:05]} {[%emt 00:02:20]} Bg4 {[%clk 00:21:58]} {[%emt
00:01:59]} 30. c7 {[%clk 00:50:19]} {[%emt 00:03:16]} Kd7 {[%clk 00:22:07]}
{[%emt 00:00:19]} 31. Ra7 {[%clk 00:50:11]} {[%emt 00:00:42]} Nc8 {[%clk
00:21:48]} {[%emt 00:00:49]} 32. Rb7 {[%clk 00:49:00]} {[%emt 00:01:40]} Nd6
{[%clk 00:21:41]} {[%emt 00:00:37]} 33. Rb4 {[%clk 00:47:50]} {[%emt 00:01:32]}
Be6 {[%clk 00:19:15]} {[%emt 00:03:04]} 34. Rd4 {[%clk 00:47:28]} {[%emt
00:00:52]} Kc6 {[%clk 00:18:33]} {[%emt 00:01:12]} 35. Be4+ {[%clk 00:45:43]}
{[%emt 00:02:15]} Nxe4+ {[%clk 00:15:51]} {[%emt 00:03:12]} 36. Rxe4 {[%clk
00:46:06]} {[%emt 00:00:07]} Kxc7 {[%clk 00:16:08]} {[%emt 00:00:12]} 37. Bg7
{[%clk 00:45:33]} {[%emt 00:01:04]} Bd5 {[%clk 00:15:30]} {[%emt 00:01:07]} 38.
Rg4 {[%clk 00:44:01]} {[%emt 00:02:03]} f5 {[%clk 00:15:35]} {[%emt 00:00:23]}
39. Rd4 {[%clk 00:44:04]} {[%emt 00:00:29]} Bxg2 {[%clk 00:15:21]} {[%emt
00:00:44]} 40. Bxh6 {[%clk 00:44:21]} {[%emt 00:00:13]} g4 {[%clk 00:15:31]}
{[%emt 00:00:19]} 41. h4 {[%clk 00:44:05]} {[%emt 00:00:47]} gxh3 {[%clk
00:14:57]} {[%emt 00:01:03]} 42. Rh4 {[%clk 00:44:04]} {[%emt 00:00:32]} Kd6
{[%clk 00:14:24]} {[%emt 00:01:03]} 43. Bf4+ {[%clk 00:44:23]} {[%emt
00:00:11]} Ke6 {[%clk 00:14:21]} {[%emt 00:00:34]} 44. Bh2 {[%clk 00:44:41]}
{[%emt 00:00:12]} Kf6 {[%clk 00:14:36]} {[%emt 00:00:14]} 45. Ke3 {[%clk
00:44:51]} {[%emt 00:00:21]} Kg5 {[%clk 00:14:50]} {[%emt 00:00:14]} 46. Rb4
{[%clk 00:45:14]} {[%emt 00:00:08]} Bh1 {[%clk 00:12:07]} {[%emt 00:03:02]} 47.
Rb5 {[%clk 00:44:32]} {[%emt 00:01:23]} Kg4 {[%clk 00:11:44]} {[%emt 00:00:51]}
48. Rb4+ {[%clk 00:43:11]} {[%emt 00:01:53]} Kg5 {[%clk 00:11:44]} {[%emt
00:00:26]} 49. Rb8 {[%clk 00:43:26]} {[%emt 00:00:19]} Bg2 {[%clk 00:10:52]}
{[%emt 00:01:21]} 50. Bf4+ {[%clk 00:42:38]} {[%emt 00:01:16]} Kg4 {[%clk
00:11:07]} {[%emt 00:00:18]} 51. Rg8+ {[%clk 00:42:58]} {[%emt 00:00:10]} Kh4
{[%clk 00:10:55]} {[%emt 00:00:40]} 52. Bg3+ {[%clk 00:43:07]} {[%emt
00:00:22]} Kh5 {[%clk 00:11:08]} {[%emt 00:00:18]} 53. Kf4 {[%clk 00:43:14]}
{[%emt 00:00:23]} Kh6 {[%clk 00:11:05]} {[%emt 00:00:32]} 54. Kxf5 {[%clk
00:43:24]} {[%emt 00:00:20]} Kh5 {[%clk 00:11:30]} {[%emt 00:00:06]} 55. Rh8
{[%clk 00:43:48]} {[%emt 00:00:06]} 1-0

[Event "DEM U10w 2023"]
[Site "Willingen GER"]
[Date "2023.06.01"]
[Round "8"]
[White "Schirmbeck, Lilian"]
[Black "Birkenheier, Larissa"]
[Result "1-0"]
[Termination "normal"]
[Board "5"]
[WhiteElo "1661"]
[BlackElo "1210"]
[WhiteClock "00:45:09"]
[BlackClock "00:28:31"]
[PlyCount "119"]
[WhiteFideId "34620532"]
[BlackFideId "34626379"]
[EventCountry "GER"]
[EventRounds "11"]
[EventType "swiss"]
[EventDate "2023.05.27"]

1. d4 {[%clk 01:15:59]} d5 {[%clk 01:15:49]} {[%emt 00:00:11]} 2. c4 {[%clk
01:16:26]} {[%emt 00:00:03]} c6 {[%clk 01:15:49]} {[%emt 00:00:31]} 3. Nc3
{[%clk 01:16:51]} {[%emt 00:00:05]} Nf6 {[%clk 01:15:19]} {[%emt 00:00:59]} 4.
Nf3 {[%clk 01:17:11]} {[%emt 00:00:10]} e6 {[%clk 01:14:40]} {[%emt 00:01:09]}
5. Bg5 {[%clk 01:16:52]} {[%emt 00:00:49]} h6 {[%clk 01:13:23]} {[%emt
00:01:46]} 6. Bh4 {[%clk 01:17:04]} {[%emt 00:00:19]} Be7 {[%clk 01:13:05]}
{[%emt 00:00:48]} 7. e3 {[%clk 01:16:56]} {[%emt 00:00:38]} Nbd7 {[%clk
01:12:04]} {[%emt 00:01:30]} 8. Bd3 {[%clk 01:16:33]} {[%emt 00:00:53]} dxc4
{[%clk 01:11:16]} {[%emt 00:01:17]} 9. Bxc4 {[%clk 01:16:50]} {[%emt 00:00:15]}
b5 {[%clk 01:10:35]} {[%emt 00:01:11]} 10. Bd3 {[%clk 01:15:32]} {[%emt
00:01:48]} a6 {[%clk 01:09:45]} {[%emt 00:01:21]} 11. O-O {[%clk 01:14:37]}
{[%emt 00:01:24]} c5 {[%clk 01:08:38]} {[%emt 00:01:37]} 12. Rc1 {[%clk
01:11:57]} {[%emt 00:03:10]} Bb7 {[%clk 01:06:48]} {[%emt 00:02:21]} 13. Bxf6
{[%clk 01:06:05]} {[%emt 00:06:20]} Bxf6 {[%clk 01:06:20]} {[%emt 00:00:58]}
14. Ne4 {[%clk 01:05:49]} {[%emt 00:00:47]} Qe7 {[%clk 00:57:53]} {[%emt
00:08:57]} 15. Nxc5 {[%clk 01:03:55]} {[%emt 00:02:24]} Nxc5 {[%clk 00:56:59]}
{[%emt 00:01:24]} 16. Rxc5 {[%clk 01:03:57]} {[%emt 00:00:28]} O-O {[%clk
00:55:43]} {[%emt 00:01:46]} 17. Qc2 {[%clk 01:03:11]} {[%emt 00:01:17]} Rac8
{[%clk 00:53:19]} {[%emt 00:02:53]} 18. Rc1 {[%clk 01:01:44]} {[%emt 00:01:57]}
Rxc5 {[%clk 00:51:45]} {[%emt 00:02:04]} 19. dxc5 {[%clk 01:01:21]} {[%emt
00:00:52]} Rc8 {[%clk 00:48:49]} {[%emt 00:03:26]} 20. b4 {[%clk 01:00:38]}
{[%emt 00:01:13]} e5 {[%clk 00:48:19]} {[%emt 00:01:01]} 21. Bf5 {[%clk
00:56:04]} {[%emt 00:05:04]} Rd8 {[%clk 00:46:48]} {[%emt 00:02:02]} 22. c6
{[%clk 00:51:26]} {[%emt 00:05:08]} Bxc6 {[%clk 00:45:14]} {[%emt 00:02:02]}
23. Qxc6 {[%clk 00:51:30]} {[%emt 00:00:27]} Qf8 {[%clk 00:43:23]} {[%emt
00:02:21]} 24. Qxa6 {[%clk 00:49:47]} {[%emt 00:02:13]} Qxb4 {[%clk 00:39:52]}
{[%emt 00:04:01]} 25. h3 {[%clk 00:48:09]} {[%emt 00:02:08]} e4 {[%clk
00:38:13]} {[%emt 00:02:09]} 26. Nh2 {[%clk 00:45:26]} {[%emt 00:03:13]} Re8
{[%clk 00:29:21]} {[%emt 00:09:22]} 27. Rc8 {[%clk 00:44:27]} {[%emt 00:01:28]}
Qf8 {[%clk 00:29:07]} {[%emt 00:00:44]} 28. Rxe8 {[%clk 00:44:26]} {[%emt
00:00:31]} Qxe8 {[%clk 00:29:26]} {[%emt 00:00:11]} 29. Qc8 {[%clk 00:44:44]}
{[%emt 00:00:12]} Qxc8 {[%clk 00:28:30]} {[%emt 00:01:28]} 30. Bxc8 {[%clk
00:45:04]} {[%emt 00:00:09]} Bc3 {[%clk 00:27:29]} {[%emt 00:01:31]} 31. Bf5
{[%clk 00:45:05]} {[%emt 00:00:29]} Kf8 {[%clk 00:27:44]} {[%emt 00:00:15]} 32.
Bxe4 {[%clk 00:45:26]} {[%emt 00:00:09]} Ke7 {[%clk 00:28:06]} {[%emt
00:00:08]} 33. Bd5 {[%clk 00:45:48]} {[%emt 00:00:08]} f6 {[%clk 00:27:43]}
{[%emt 00:00:53]} 34. Kf1 {[%clk 00:45:50]} {[%emt 00:00:28]} Kd6 {[%clk
00:28:05]} {[%emt 00:00:08]} 35. Bb3 {[%clk 00:46:15]} {[%emt 00:00:05]} Ke5
{[%clk 00:27:42]} {[%emt 00:00:53]} 36. Nf3+ {[%clk 00:46:23]} {[%emt
00:00:22]} Ke4 {[%clk 00:27:51]} {[%emt 00:00:22]} 37. Ke2 {[%clk 00:46:35]}
{[%emt 00:00:18]} g5 {[%clk 00:27:43]} {[%emt 00:00:37]} 38. Nh2 {[%clk
00:46:31]} {[%emt 00:00:35]} f5 {[%clk 00:27:53]} {[%emt 00:00:19]} 39. f3+
{[%clk 00:46:16]} {[%emt 00:00:44]} Ke5 {[%clk 00:27:59]} {[%emt 00:00:24]} 40.
g4 {[%clk 00:45:54]} {[%emt 00:00:52]} b4 {[%clk 00:26:38]} {[%emt 00:01:51]}
41. gxf5 {[%clk 00:45:22]} {[%emt 00:01:03]} Kxf5 {[%clk 00:27:00]} {[%emt
00:00:08]} 42. Ng4 {[%clk 00:45:30]} {[%emt 00:00:22]} h5 {[%clk 00:27:06]}
{[%emt 00:00:24]} 43. Nf2 {[%clk 00:45:54]} {[%emt 00:00:06]} Ke5 {[%clk
00:27:01]} {[%emt 00:00:36]} 44. Ne4 {[%clk 00:46:11]} {[%emt 00:00:12]} Bb2
{[%clk 00:26:18]} {[%emt 00:01:13]} 45. Nxg5 {[%clk 00:45:54]} {[%emt
00:00:47]} Kf5 {[%clk 00:25:46]} {[%emt 00:01:02]} 46. Ne4 {[%clk 00:45:49]}
{[%emt 00:00:35]} Ke5 {[%clk 00:26:03]} {[%emt 00:00:13]} 47. Nc5 {[%clk
00:45:01]} {[%emt 00:01:17]} Kf5 {[%clk 00:25:56]} {[%emt 00:00:38]} 48. Nd3
{[%clk 00:44:51]} {[%emt 00:00:41]} Ba3 {[%clk 00:26:04]} {[%emt 00:00:21]} 49.
Nf4 {[%clk 00:45:01]} {[%emt 00:00:19]} Kg5 {[%clk 00:26:12]} {[%emt 00:00:23]}
50. Kd3 {[%clk 00:44:41]} {[%emt 00:00:50]} Kh6 {[%clk 00:26:23]} {[%emt
00:00:20]} 51. Bf7 {[%clk 00:44:36]} {[%emt 00:00:35]} Kg7 {[%clk 00:26:37]}
{[%emt 00:00:15]} 52. Bxh5 {[%clk 00:44:33]} {[%emt 00:00:33]} Kf6 {[%clk
00:27:00]} {[%emt 00:00:08]} 53. Nd5+ {[%clk 00:44:29]} {[%emt 00:00:34]} Ke6
{[%clk 00:27:23]} {[%emt 00:00:07]} 54. e4 {[%clk 00:44:27]} {[%emt 00:00:31]}
Ke5 {[%clk 00:27:44]} {[%emt 00:00:09]} 55. f4+ {[%clk 00:44:48]} {[%emt
00:00:10]} Ke6 {[%clk 00:28:08]} {[%emt 00:00:06]} 56. f5+ {[%clk 00:44:53]}
{[%emt 00:00:24]} Kd7 {[%clk 00:28:05]} {[%emt 00:00:34]} 57. f6 {[%clk
00:44:45]} {[%emt 00:00:37]} Kc6 {[%clk 00:28:15]} {[%emt 00:00:20]} 58. f7
{[%clk 00:45:05]} {[%emt 00:00:10]} b3 {[%clk 00:28:35]} {[%emt 00:00:10]} 59.
axb3 {[%clk 00:45:24]} {[%emt 00:00:11]} Kb5 {[%clk 00:28:31]} {[%emt
00:00:34]} 60. e5 {[%clk 00:45:09]} {[%emt 00:00:45]} 1-0